Statistics for Countries that Beat Austria

Click here to take the quiz!

General Stats

  • This quiz has been taken 164 times
    (82 since last reset)
  • The average score is 12 of 16

Answer Stats

Rank Category Countries % Correct
4Most Winter Olympic medalsNorway | United States |
Germany-West Germany
97%
5European country with the highest pointRussia | France | Italy | Switzerland
97%
7 (t)Country with the most bordersChina | Russia | France | Brazil |
D.R. Congo | Germany
94%
5Best country to be born in (Source)Denmark | Switzerland | Finland |
Australia
86%
2Longest border with GermanyCzech Republic
86%
2Longest border with SloveniaCroatia
85%
4Closest country to the Adriatic Sea, but
not bordering it
San Marino | Kosovo | North Macedonia
82%
7Northernmost landlocked countryBelarus | Kazakhstan | Mongolia | Czech Republic |
Luxembourg | Slovakia
78%
2Highest percentage of German speakersLiechtenstein
77%
3Most downhill skiing by length of slopesUnited States | France
72%
8Highest tax rate as a percent of GDPLesotho | Denmark | France | Belgium |
Sweden | Finland | Italy
72%
4Most peaceful country (Source)Iceland | New Zealand | Portugal
71%
3Beer consumption per capitaCzech Republic | Namibia
71%
10Most tourists per capitaVatican City | Andorra | Monaco | Iceland | Palau |
Malta | Bahamas | Croatia | Seychelles
63%
11Most exports per capitaLiechtenstein | Singapore | Qatar | Switzerland |
United Arab Emirates | Belgium | Netherlands |
Kuwait | Ireland | Norway
56%
2Capital city had the most opera
preformances in the 2015-16 season
Russia
47%

Score Distribution

Percentile by Number Answered

Percent of People with Each Score

Your Score History

You have not taken this quiz since the last reset